Life and afterlife in ancient Egypt during the Middle Kingdom and Second Intermediate Period /

Saved in:

Other Authors: Grallert, Silke, Grajetzki, Wolfram.

Format: Book

Language: English

Published: London : Golden House, 2007.

Series: GHP Egyptology ; 7.
Egyptology ; 7.

Subjects:

Tags: Add Tag

No Tags, Be the first to tag this record!

Call Number: DT59 .E88 v.7

LEADER 01093namaa2200313 4500
001 13465
003 OSt
005 20260517094459.0
008 130303s2007 enkaf b 000 0 eng d
010 |a 2008378232 
020 |a 9781906137014 
020 |a 1906137013 
040 |c ARCE Library 
050 4 |a DT59 .E88 v.7 
245 0 0 |a Life and afterlife in ancient Egypt during the Middle Kingdom and Second Intermediate Period /  |c edited by Silke Grallert & Wolfram Grajetzki. 
264 1 |a London :  |b Golden House,  |c 2007. 
300 |a v, 154 pages, [8] p. of plates :   |b illustrations ;  |c 30 cm. 
490 0 |a GHP Egyptology ;   |v 7. 
490 0 |a Egyptology ;   |v 7. 
504 |a Includes bibliographical references. 
650 0 |a Funeral rites and ceremonies, Ancient  |z Egypt. 
651 0 |a Egypt  |x Social life and customs  |y To 332 B.C. 
651 0 |a Egypt  |x Civilization  |y To 332 B.C. 
651 0 |a Egypt  |x History  |y Middle Kingdom, ca. 2180-ca. 1551 B.C. 
700 1 |a Grallert, Silke,  |9 31019 
700 1 |a Grajetzki, Wolfram.  |9 31018 
901 |a reviewed 
942 |c BK  |2 lcc 
999 |c 14542  |d 14542